Odisea /

Narra las fantásticas y numerosas aventuras que le suceden a Ulises, de regreso a su hogar. El libro consta de 24 cantos, el mismo número que consta en la Ilíada. Homero inicia la obra presentando a Ulises, Rey de Itaca, al terminar la guerra de Troya, fue el único que no pudo regresar a su hogar, p...

Descripción completa

Guardado en:
Autor Principal: Homero, 2001.
Formato: Libro
Idioma:Undetermined
Publicado: Buenos Aires : La Nación, 2001.
Edición:1a ed.
Series:Biblioteca La Nación
Materias:
Etiquetas: Agregar Etiqueta
Sin Etiquetas, Sea el primero en etiquetar este registro!
LEADER 01408nam a22002055a 4500
001 CEM.cems025107
008 260410s2001####ag############000#0#und#d
005 20260430075335.0
245 1 0 |a Odisea /  |c Homero. 
250 |a 1a ed. 
260 |a Buenos Aires :  |b La Nación,  |c 2001. 
300 |a 396 p. ;  |c 20 cm. 
490 1 |a Biblioteca La Nación 
520 |a Narra las fantásticas y numerosas aventuras que le suceden a Ulises, de regreso a su hogar. El libro consta de 24 cantos, el mismo número que consta en la Ilíada. Homero inicia la obra presentando a Ulises, Rey de Itaca, al terminar la guerra de Troya, fue el único que no pudo regresar a su hogar, porque la ninfa Calypso, enamorada de él, lo tomó prisionero en la isla de Ogigia, con el propósito de hacerlo su esposo. Pero en su país lo espera su esposa Penélope y su hijo Telémaco, quien hace veinte años que no ve a su padre. Cierto día los dioses se reúnen en el Olimpo y acuerdan el momento en que el héroe regresará a su tierra. Con tal fin, Mercurio ordena a Calypso que libere a Ulises, mientras que Minerva se aparece a Telémaco, y le pide que desaloje a los insolentes seguidores de su madre, y que a su vez vaya en busca de su padre. 
020 |a 8408039482 
100 1 |a Homero,  |d 2001. 
082 0 4 |a 881 
653 |a Literatura griega. 
653 |a Mitología 
859 |a CEMS  |b BIB. CEMS - Agricultura  |h 883  |i H766-2  |p A4068.26  |t Ej.1